[Event "EICC 2019"]
[Site "Skopia"]
[Date "2019.03.18"]
[Round "1.40"]
[White "Kobalia, Mikhail"]
[Black "Ozen, Deniz"]
[Result "1-0"]
[WhiteElo "2627"]
[BlackElo "2393"]
[Annotator "TA"]
[PlyCount "161"]
[EventDate "2019.03.18"]
[EventType "swiss"]
[EventCountry "MKD"]
[SourceTitle "playchess.com"]
[Source "ChessBase"]
[SourceQuality "1"]

{[%evp 23,161,12,25,27,13,11,12,14,35,38,45,48,44,29,29,33,36,22,67,16,34,36,52,54,64,8,39,25,41,14,38,14,12,12,12,0,0,0,127,116,207,195,239,81,81,71,72,71,83,81,87,87,85,86,127,98,101,105,156,152,154,159,173,163,253,237,291,275,282,280,358,358,400,400,383,399,404,404,393,385,450,468,485,487,521,440,433,427,420,420,412,427,490,490,1771,1771,1756,1756,1749,1742,1727,1727,1742,1727,1727,1720,1698,1672,29969,29970,29970,29971,29971,29972,29973,29974,29976,29975,29976,29976,29976,29977,29977,29977,29979,29980,29981,29982,29982,29983,29983,29984,29984,29985,29985,29986,29986,29987,29990,29988]} 1. e4 e5 2. Nf3 Nf6 3. Nxe5 d6 4. Nf3 Nxe4 5. d4 d5 6. Bd3 Nc6 7. O-O Be7 8. c4 Nf6 9. Nc3 O-O 10. h3 Nb4 11. Be2 dxc4 12. Bxc4 c6 13. Bg5 {C42: Petroff Defence: 3 Nxe5 and unusual White 3rd moves} Nbd5 14. Re1 Be6 {...Nxc3 is the strong threat.} 15. Qb3 {The position is equal.} Qb6 (15... h6 {looks sharper.} 16. Bh4 Qb6 17. Qxb6 axb6 18. Bxd5 cxd5 19. Re3 Rac8) 16. Nxd5 cxd5 17. Qxb6 axb6 18. Bb3 h6 (18... Rfc8 19. Rac1 h6 20. Bf4 Ne4 21. Rxc8+ Rxc8 22. Rc1 Rxc1+ 23. Bxc1 g5 24. Kf1 Kg7 25. Ke2 f5 26. Ne5 f4 27. Bd2 {½-½ (27) Sevian,S (2620)-Li,C (2744) Tbilisi 2017}) 19. Bf4 Ne4 20. Ne5 $146 ({Predecessor:} 20. Rad1 Rfd8 {½-½ (56) Molo,R (2320)-Cordoba,H (2457) ICCF email 2010}) 20... Bg5 21. Nd3 (21. Bxg5 $14 hxg5 22. Re2) 21... Nd2 22. Bd1 Nc4 23. Bxg5 hxg5 24. g4 ({White should play} 24. f4 $14) 24... Nd6 25. f4 gxf4 26. Nxf4 Nb5 $1 27. Nxe6 fxe6 28. Rxe6 Nxd4 29. Rxb6 Rae8 30. Bb3 Re3 (30... Ne2+ $11 {remains equal.} 31. Kh1 Nf4) 31. Bxd5+ $16 {[%mdl 64] [#] Double Attack} Kh8 (31... Kh7 $16 32. Bg2 (32. Rxb7 $2 Ne2+ 33. Kg2 Rg3+ 34. Kh1 Rxh3+ 35. Kg2 Nf4+ {[%mdl 64] Double Attack} 36. Kg1 Nxd5 $19) 32... Ne2+ 33. Kh2 Nf4) 32. Bg2 $18 ({Weaker is} 32. Bxb7 Ne2+ 33. Kh1 Rxh3+ 34. Kg2 Rg3+ 35. Kh1 Rxg4 $11) 32... Nf3+ 33. Kh1 $2 (33. Kf2 $18 {and the rest is easy.} Rd3 34. Rf1 (34. Rxb7 Ng5+ 35. Kg1 Nxh3+ 36. Bxh3 Rxh3 $18)) 33... Ne1 $16 34. Rb3 ({But not} 34. Rxb7 $6 Re2 $11) 34... Re2 35. Rg3 b6 36. Kg1 Nxg2 37. Rxg2 {[%mdl 4096] Endgame KRR-KRR} Re3 38. h4 Rf4 39. Rf1 Rd4 40. Rf5 Ree4 (40... Rd1+ $142 41. Kf2 Rh3) 41. Rg5 Rf4 42. Kh2 Rfe4 43. h5 Kh7 (43... Re3 {was called for.} 44. Rf2 Kh7) 44. Kh3 Re3+ 45. Rg3 Re2 46. Rb3 Rdd2 47. Rgb5 Rh2+ 48. Kg3 Rhg2+ 49. Kh4 Rd4 {[#]} 50. Rg3 $1 {[%cal Rg3g2]} Rh2+ 51. Kg5 Rd6 52. Rgb3 Rg2 {Black hopes to continue with ...Rd4.} 53. R3b4 g6 54. Rxb6 Rd5+ 55. Kf4 gxh5 56. Rb7+ Kg8 57. gxh5 Rxh5 58. Rd4 {[%cal Rd4d8]} Rh4+ (58... Rf2+ $142 59. Kg3 Rf7) 59. Kf3 $18 {[%cal Rd4d8]} Rxd4 60. Kxg2 {KR-KR} Kf8 61. Kf3 Ke8 62. Ke3 Rh4 63. Kd3 Kd8 64. Kc3 Kc8 65. Re7 Rh3+ 66. Kb4 {White mates.} Rh4+ 67. Ka3 Rh3+ 68. b3 {[%cal Bb2b3,Bb3b4,Bb4b5,Bb5b6][%mdl 32]} Rh2 69. b4 Kb8 70. Kb3 Rg2 71. a3 {[%cal Ba2a3,Ba3a4,Ba4a5][%mdl 32]} Rg3+ 72. Ka4 Rf3 73. b5 Rf4+ 74. Ka5 Rf3 75. a4 Rf4 76. b6 Rg4 77. Kb5 Rg5+ 78. Ka6 {[%cal Re7e8]} Rg8 79. a5 Rh8 80. Re6 Rg8 81. Kb5 {Accuracy: White = 75%, Black = 32%.} 1-0

[Event "EICC 2019"]
[Site "Skopia"]
[Date "2019.03.18"]
[Round "1.41"]
[White "Saraci, Nderim"]
[Black "Movsesian, Sergei"]
[Result "1/2-1/2"]
[WhiteElo "2391"]
[BlackElo "2627"]
[Annotator "TA"]
[PlyCount "91"]
[EventDate "2019.03.18"]
[EventType "swiss"]
[EventCountry "MKD"]
[SourceTitle "playchess.com"]
[Source "ChessBase"]
[SourceQuality "1"]

{[%evp 21,91,37,29,1,7,-11,-2,-6,0,0,7,6,16,6,17,1,12,0,0,0,0,0,0,0,0,0,0,0,0,0,9,0,0,0,0,0,0,0,0,0,0,0,0,0,0,0,0,-2,-4,-11,0,0,0,-3,0,-5,-5,-9,0,-10,0,-4,0,0,0,0,0,0,0,0,0,0]} 1. d4 Nf6 2. c4 e6 3. Nf3 d5 4. g3 dxc4 5. Qa4+ Nbd7 6. Bg2 a6 7. Qxc4 b5 8. Qc6 Rb8 9. Bf4 Nd5 10. Bg5 Be7 11. Bxe7 Qxe7 12. O-O {E03: Open Catalan: 5 Qa4+ Nbd7 6 Qxc4} (12. Nc3 Qb4 13. O-O Nxc3 14. bxc3 Qd6 15. Qxd6 cxd6 16. a4 Nb6 17. axb5 axb5 18. Nd2 Bd7 19. Rfb1 Ke7 20. Ra7 Nc8 21. Raa1 Nb6 22. Ra7 Nc8 {½-½ (22) Kveinys,A (2493)-Bluebaum,M (2633) Brest 2018}) 12... Bb7 {The position is equal.} 13. Qc1 c5 14. dxc5 {[#] Threatens to win with c6.} Nxc5 15. Nc3 O-O 16. Nxd5 $1 Bxd5 17. Qe3 Rfc8 $146 ({Predecessor:} 17... Rbc8 18. Rfd1 Qb7 19. Rac1 Na4 {½-½ (29) Groetz,H (2315)-Binder,M (2270) Latschach 2010}) 18. Rfc1 Rc7 19. Nd4 Bxg2 20. Kxg2 {White wants to play b4.} Rbc8 21. b3 Qd6 22. Rc3 b4 23. Rc4 Nd7 24. Rxc7 Rxc7 25. Nf3 Nf6 26. Qe5 Qxe5 27. Nxe5 $11 {[%mdl 4096] Endgame KRN-KRN} Rc2 28. Nd3 a5 29. a3 g5 30. axb4 axb4 31. Nxb4 Rxe2 32. Ra2 Re5 33. Nc6 Rc5 34. Nd4 Nd5 35. h3 Rc3 36. Nf3 h6 37. Ra8+ Kg7 38. Ne5 Rc7 39. Rb8 f6 40. Nc4 Ra7 41. Kf3 Ra2 42. Ne3 Nc3 43. Rb7+ Kg6 44. Rb6 Kf7 45. Rb7+ Kg6 46. Rb6 {Accuracy: White = 75%, Black = 53%.} 1/2-1/2

[Event "EICC 2019"]
[Site "Skopia"]
[Date "2019.03.18"]
[Round "1.42"]
[White "Paravyan, David"]
[Black "Badelka, Olga"]
[Result "1-0"]
[WhiteElo "2627"]
[BlackElo "2384"]
[Annotator "TA"]
[PlyCount "75"]
[EventDate "2019.03.18"]
[EventType "swiss"]
[EventCountry "MKD"]
[SourceTitle "playchess.com"]
[Source "ChessBase"]
[SourceQuality "1"]

{[%evp 23,75,31,28,27,26,23,33,29,427,410,345,179,158,121,146,154,150,140,147,139,150,146,148,142,254,252,264,262,236,235,259,265,271,272,283,270,289,302,295,287,368,421,1994,1340,1716,287,805,492,1933,1765,29973,29974,4922,2023]} 1. e4 c5 2. Nf3 e6 3. d4 cxd4 4. Nxd4 Nc6 5. Nc3 Qc7 6. g3 a6 7. Bg2 Nf6 8. O-O Be7 9. Re1 O-O 10. Nxc6 dxc6 11. e5 Rd8 12. Qf3 Nd5 13. h4 {B47: Sicilian: Taimanov: 5 Nc3 Qc7 6 f4, 6 g3 and 6 Be2} h6 (13... Nxc3 14. Qxc3 Bd7 15. Be3 c5 16. Rad1 Rac8 17. h5 Bc6 18. Rxd8+ Qxd8 19. Qc4 b5 20. Qf1 Bxg2 21. Qxg2 Qd5 22. Qxd5 exd5 {½-½ (44) Saric,I (2690)-Adhiban,B (2671) Linares 2018}) 14. Qg4 {Strongly threatening Bxh6.} Kf8 15. Qe4 {White is slightly better.} Nxc3 $146 {[%mdl 8192] [#]} (15... Kg8 $1 $11 {and Black has nothing to worry.}) ({Predecessor:} 15... Kg8 16. Bf1 {½-½ (16) Todorovic,J (2371)-Draskovic,L (2447) Cetinje 2018}) 16. Qh7 $1 $18 {[%cal Rh7h8]} Ke8 17. bxc3 (17. Qxg7 $142 Nd5 18. Bxh6) 17... Bf8 18. Bf4 c5 19. g4 Bd7 {[#]} 20. g5 $1 {[%cal Rg5h6]} Bc6 21. gxh6 gxh6 22. Qg8 $36 {[%mdl 2048] White is really pushing.} ({Don't play} 22. Bxh6 $6 Bxh6 23. Qxh6 Bxg2 $14) 22... Bxg2 23. Bxh6 $1 ({Don't do} 23. Qxg2 $6 Qc6 $14) ({Much less strong is} 23. Kxg2 Ke7 $16) 23... Kd7 (23... Bd5 $16) 24. Qxf7+ Kc8 25. Qxe6+ Kb8 {And now ...Bd5 would win.} 26. Kxg2 Bxh6 27. Qxh6 Rg8+ 28. Kf1 Ka7 29. Rad1 Rg4 {Now ...Rag8 and Black clings on.} 30. Qd6 Qa5 31. Rb1 {Hoping for Qd7.} Rg7 32. e6 Qxc3 (32... Rd8 $142 33. Qe5 Re7) 33. Qb6+ Kb8 34. Qb3 $2 (34. Rbd1 {[%cal Rd1d8]} Qh3+ 35. Ke2 Qg4+ 36. Ke3 Qh3+ 37. f3 Qxh4 38. Rd8+ Qxd8 39. Qxd8+ Ka7 40. e7) 34... Qf6 $2 (34... Qxb3 35. Rxb3 Kc7) 35. Qe3 {Threatens to win with e7.} Qxh4 (35... Re7 $142 36. Qxc5 Rxe6) 36. Qe5+ {[%mdl 64] Double Attack} Kc8 37. Qxg7 Qh1+ 38. Qg1 {Accuracy: White = 72%, Black = 28%.} 1-0

[Event "EICC 2019"]
[Site "Skopia"]
[Date "2019.03.18"]
[Round "1.43"]
[White "Kaasen, Tor Fredrik"]
[Black "Sarana, Alexey"]
[Result "1/2-1/2"]
[WhiteElo "2383"]
[BlackElo "2625"]
[Annotator "TA"]
[PlyCount "64"]
[EventDate "2019.03.18"]
[EventType "swiss"]
[EventCountry "MKD"]
[SourceTitle "playchess.com"]
[Source "ChessBase"]
[SourceQuality "1"]

{[%evp 20,64,47,22,23,21,27,12,18,14,12,0,12,18,25,22,41,45,54,64,54,56,59,63,62,58,60,37,75,65,69,28,31,12,12,12,12,12,20,0,0,0,0,0,4,0,7]} 1. d4 Nf6 2. c4 e6 3. Nf3 Bb4+ 4. Bd2 c5 5. Bxb4 cxb4 6. e3 b6 7. a3 {E11: Bogo-Indian} bxa3 (7... Qe7 8. Be2 Bb7 9. O-O O-O 10. Qb3 Na6 11. Ne5 d6 12. Nd3 e5 13. d5 bxa3 14. Qxa3 b5 {0-1 (63) Miton,K (2622)-Moiseenko,A (2715) San Sebastian 2012}) 8. Rxa3 Bb7 9. Nc3 O-O 10. Be2 Nc6 11. O-O {LiveBook: 6 Games} Nb4 12. Ne5 a5 $146 13. Na4 Qc7 14. Nd3 Bc6 15. Ra1 (15. b3 {looks sharper.} Rfc8 16. Nc3 d5 17. Ne5 Bb7 18. f3) 15... Nxd3 16. Qxd3 d6 17. Nc3 e5 18. Rfd1 Qb7 19. dxe5 dxe5 20. Nd5 Bxd5 21. cxd5 Rfd8 {[%cal Rd8d5]} 22. e4 Rac8 23. Rac1 Nd7 24. Rxc8 Qxc8 25. Bg4 Nc5 26. Bxc8 (26. Qh3 {with more complications.} Qb8 27. Qe3 Qd6 28. g3 Rf8 29. Kg2) 26... Nxd3 {The position is equal.} 27. Rxd3 Rxc8 $14 {KR-KR} 28. Kf1 a4 29. Ke2 Kf8 30. Kd2 Rc4 31. f3 Ke7 32. b3 Rb4 {Precision: White = 57%, Black = 51%.} 1/2-1/2

[Event "EICC 2019"]
[Site "Skopia"]
[Date "2019.03.18"]
[Round "1.44"]
[White "Jobava, Baadur"]
[Black "Plenkovic, Zdenko"]
[Result "1-0"]
[WhiteElo "2622"]
[BlackElo "2383"]
[Annotator "TA"]
[PlyCount "43"]
[EventDate "2019.03.18"]
[EventType "swiss"]
[EventCountry "MKD"]
[SourceTitle "playchess.com"]
[Source "ChessBase"]
[SourceQuality "1"]

{[%evp 9,43,-20,4,-18,-28,-50,-50,-58,-43,-38,-12,-39,15,-35,-20,-43,-34,-36,-11,-46,-18,-49,-60,-30,88,89,75,-32,193,203,384,246,257,270,252,253]} 1. d4 Nf6 2. Bg5 Ne4 3. Bf4 d5 4. f3 Nf6 5. Nc3 e6 6. e3 {A45: Trompowsky Attack} a6 (6... Bd6 7. Qd2 O-O 8. O-O-O c5 9. Nge2 Nc6 10. g4 a6 11. g5 Ne8 12. h4 b5 13. dxc5 Bxc5 {1-0 (40) Jobava,B (2701)-Tari,A (2596) chess.com INT 2017}) 7. Qd2 c5 8. Nge2 {Black is slightly better.} Nc6 9. g4 Nd7 $146 ({Predecessor:} 9... b5 10. h4 Bb7 11. Bg2 Nd7 12. Bg3 Be7 13. f4 cxd4 14. Nxd4 Nxd4 15. exd4 {0-1 (54) Chueca Forcen,A (2361)-Gascon del Nogal,J (2498) Badalona 2017}) 10. h4 Nb6 (10... b5 $15) 11. b3 Be7 12. Bg3 Bd7 13. Bg2 Rc8 14. h5 O-O 15. f4 cxd4 16. exd4 Nxd4 (16... h6 $11) 17. Qxd4 $16 {Hoping for Bf2.} ({Much worse is} 17. Nxd4 Bb4 $11) 17... Bf6 18. Qd2 (18. Qd3 $16 {Strongly threatening h6.} Rxc3 19. Nxc3) 18... Qc7 $2 {[#]} (18... Rxc3 $1 $15 {keeps the upper hand.} 19. Nxc3 Qc7) 19. Bf2 $18 Rfe8 $2 (19... Na4 {is a better defense.}) 20. O-O Na8 {[%cal Rf6c3]} 21. Bd4 Bxd4+ 22. Qxd4 {Accuracy: White = 11%, Black = 31%.} 1-0

[Event "EICC 2019"]
[Site "Skopia"]
[Date "2019.03.18"]
[Round "1.45"]
[White "Arsovic, Goran"]
[Black "Salgado Lopez, Ivan"]
[Result "1-0"]
[WhiteElo "2380"]
[BlackElo "2622"]
[Annotator "TA"]
[PlyCount "77"]
[EventDate "2019.03.18"]
[EventType "swiss"]
[EventCountry "MKD"]
[SourceTitle "playchess.com"]
[Source "ChessBase"]
[SourceQuality "1"]

{[%evp 13,77,15,22,13,32,10,41,16,16,17,21,10,29,0,15,0,11,0,0,-35,0,0,0,-29,-32,-30,-28,-34,-20,-20,0,0,0,-8,0,-45,-25,-46,-44,-54,-36,-49,-43,-53,-45,-47,-53,-39,-41,-35,-47,-36,-55,-54,0,-198,48,52,58,27,1414,860,2725,1518,2362,2221]} 1. d4 Nf6 2. Nf3 d5 3. c4 e6 4. Nc3 dxc4 5. e4 Bb4 6. Bg5 h6 7. Bxf6 Qxf6 8. Bxc4 {D39: Queen's Gambit Declined: Ragozin Defence with 5 Bg5 dxc4} O-O (8... c5 9. O-O cxd4 10. e5 Qd8 11. Ne4 O-O 12. Qe2 Be7 13. Rad1 Qc7 14. Bd3 Nd7 15. Rc1 Qa5 16. g4 Nxe5 17. Nxe5 Qxe5 {0-1 (38) Aronian,L (2794)-Caruana,F (2784) Berlin 2018}) 9. O-O Rd8 10. Qe2 {White is slightly better.} Qe7 11. Rad1 $146 ({Predecessor:} 11. e5 Nd7 12. Rac1 Nf8 13. Bd3 Bd7 14. Be4 Rab8 15. Rfd1 Be8 {½-½ (37) Bachmann,W (2420)-Rogos,J (2367) ICCF email 2012}) 11... Nd7 12. e5 Nf8 13. Ne4 Bd7 14. Bb5 Rab8 15. Rc1 Ba5 16. Nc5 Be8 17. Rfd1 Bb6 18. b4 Bxb5 19. Qxb5 Rd5 20. Qe2 c6 21. Rc4 Rbd8 22. Rdc1 Qc7 23. h3 Ng6 24. Qe4 Ne7 25. a3 Bxc5 26. Rxc5 R5d7 27. g4 Rd5 28. Kg2 R8d7 29. h4 Qd8 {[%cal Rd5d4] Hoping for ...Rxd4.} 30. h5 Rxd4 31. Nxd4 Rxd4 32. Qf3 Rd3 33. Qe4 Nd5 (33... Rxa3 $15 34. b5 Rd3) 34. R5c4 $2 {[#]} (34. b5 $11) 34... Rxa3 $2 {[#]} (34... Nb6 $1 $19 35. R1c3 Rd2) 35. b5 $1 $36 {[%cal Rb5c6][%mdl 2560] Black is under pressure.} Ne7 (35... cxb5 36. Rc8) 36. Rd4 {[%cal Rd4d8]} Qb6 $2 {[%mdl 8192]} (36... Qc7 $11) 37. Rd7 $18 {White is clearly winning.} Nd5 38. bxc6 {c7 would kill now.} bxc6 39. Rb1 {Accuracy: White = 38%, Black = 43%.} 1-0

[Event "EICC 2019"]
[Site "Skopia"]
[Date "2019.03.18"]
[Round "1.46"]
[White "Van Foreest, Jorden"]
[Black "Lewtak, Damian"]
[Result "1-0"]
[WhiteElo "2621"]
[BlackElo "2379"]
[Annotator "TA"]
[PlyCount "65"]
[EventDate "2019.03.18"]
[EventType "swiss"]
[EventCountry "MKD"]
[SourceTitle "playchess.com"]
[Source "ChessBase"]
[SourceQuality "1"]

{[%evp 18,65,12,20,24,10,50,31,49,42,64,59,72,70,67,64,108,95,110,106,139,141,162,147,155,160,149,148,141,159,251,233,62,255,257,274,235,256,351,360,361,348,342,318,384,384,402,367,570,570]} 1. e4 e5 2. Nf3 Nc6 3. Bb5 Nf6 4. O-O Nxe4 5. Re1 Nd6 6. Nxe5 Nxe5 7. Bf1 Be7 8. Rxe5 O-O 9. d4 Bf6 10. Re1 Nf5 {C67: Ruy Lopez: Berlin Defence: 4 0-0 Nxe4} (10... Re8 11. c3 Rxe1 12. Qxe1 Nf5 13. Bf4 d6 14. Nd2 Be6 15. Ne4 Be7 16. Qd2 c6 17. Bd3 Qd7 18. Ng5 Bxg5 19. Bxg5 h6 20. Bf4 g5 21. Bxf5 Bxf5 22. Bg3 d5 23. Re1 {½-½ (23) Nepomniachtchi,I (2763)-Radjabov,T (2757) Wijk aan Zee 2019}) 11. d5 g6 12. Nd2 {[%cal Bb1d2,Bd2e4,Be4g5,Bg5e6][%mdl 32]} d6 {White is slightly better.} 13. Ne4 Bg7 14. Bg5 f6 15. Bd2 $36 {[%mdl 2048] White fights for an advantage.} Nh6 16. c4 Bd7 $146 ({Predecessor:} 16... Bg4) 17. c5 f5 {[#]} 18. Ng5 $1 Ng4 19. h3 Nxf2 20. Kxf2 Bd4+ 21. Kf3 f4 22. Ne6 Qh4 23. Nxd4 {[#] aiming for Qb3.} Qg3+ (23... dxc5 $16 {might work better.} 24. Qb3 cxd4) 24. Ke4 $18 Rae8+ 25. Ne6 {Black must now prevent Qg4.} dxc5 {( -> ...Rxe6+)} 26. Qf3 Rxe6+ 27. Kd3 $1 Rd6 28. Qxg3 fxg3 29. Kc3 b5 30. Re5 a6 31. Rae1 c6 32. Be3 b4+ (32... Rf5 {was worth a try.}) 33. Kb3 {Accuracy: White = 90%, Black = 33%.} 1-0

[Event "EICC 2019"]
[Site "Skopia"]
[Date "2019.03.18"]
[Round "1.47"]
[White "Ayats Llobera, Gerard"]
[Black "Indjic, Aleksandar"]
[Result "0-1"]
[WhiteElo "2377"]
[BlackElo "2620"]
[Annotator "TA"]
[PlyCount "66"]
[EventDate "2019.03.18"]
[EventType "swiss"]
[EventCountry "MKD"]
[SourceTitle "playchess.com"]
[Source "ChessBase"]
[SourceQuality "1"]

{[%evp 9,66,11,10,7,16,0,22,20,20,18,15,14,21,0,0,0,0,-8,-12,-15,0,-10,-6,-11,0,0,-5,0,101,106,112,100,356,363,351,361,604,611,592,222,210,209,195,27,91,-92,-85,-85,-84,-88,-86,-538,-539,-534,-528,-29993,-29994,-29998,-29999]} 1. Nf3 d5 2. b3 Bg4 3. Bb2 Nd7 4. e3 e6 (4... Ngf6 5. h3 Bh5 6. g4 Bg6 7. Nh4 e5 8. d3 c6 9. Nd2 Bd6 10. Bg2 O-O 11. Qe2 a5 12. a3 Re8 13. Nxg6 hxg6 {1-0 (49) Grischuk,A (2766)-Caruana,F (2822) Saint Louis 2018}) 5. h3 Bh5 6. c4 {A06: Réti Opening:1 Nf3 d5} c6 7. Nc3 Bg6 $146 ({Predecessor:} 7... Ngf6 8. d4 Bd6 9. g4 Bg6 10. Bg2 Ne4 11. Nd2 Nxc3 12. Bxc3 Qe7 13. c5 {1-0 (52) Iturrizaga Bonelli,E (2636)-Dreev,A (2649) Bastia 2018}) 8. Rc1 {The position is equal.} h6 9. d4 Ngf6 10. Bd3 Ne4 11. Bxe4 dxe4 12. Nd2 f5 13. O-O Bd6 14. f3 Qg5 15. f4 Qh4 16. c5 Bc7 17. Nc4 Bh5 18. Qd2 Rg8 {[#]} (18... Nf6 $11 {remains equal.}) 19. d5 $1 $16 Nxc5 20. d6 O-O-O $2 {[%mdl 8192]} (20... Bb6 $16) 21. b4 $18 Nd3 22. dxc7 Rd7 $2 (22... Kxc7 23. b5 c5 24. b6+ axb6 25. Nb5+ Kd7) 23. Na4 g5 {Strongly threatening ...gxf4.} 24. b5 $2 (24. Be5 {Ncb6+! would kill now.} Rxc7 25. Bxc7 Kxc7 26. Nc5 gxf4 27. Nxd3 exd3 28. exf4 (28. Qxd3 Rxg2+ 29. Kxg2 Qg3+ 30. Kh1 Qxh3+ 31. Kg1 Qg3+ 32. Kh1 Qh4+ 33. Kg1 Qg3+ 34. Kh1 Qh4+ 35. Kg1 Qg3+ $11)) 24... gxf4 {...Bf3 is the strong threat.} 25. bxc6 (25. exf4 Bf3 $17) 25... bxc6 {And now ...Bf3 would win.} 26. Rxf4 $2 ({Weaker is} 26. exf4 Bf3 $17) (26. Rc2 $18 Be2 27. Qxe2) 26... Qxh3 (26... Qg3 $1 $11 27. Rc2 Bf3) 27. Nab6+ $2 (27. Rf2 $1 $16 {and life is bright.} Qg3 28. Be5 (28. Nc5 Nxc5 29. Qa5 {[%mdl 64] Double Attack} Nd3 $11 {[%mdl 64] Double Attack}) 28... Nxe5 29. Qb2 Qxf2+ 30. Qxf2 Nxc4 31. Rxc4) 27... axb6 $17 28. Nxb6+ {[%mdl 64] [#] Discovered Attack} Kxc7 {White must now prevent ...Bf3.} 29. Nxd7 Kxd7 $40 {[%mdl 128] Black wants a kill.} 30. Rcf1 $2 {[%mdl 8192]} (30. Rf2 $17 {was the crucial defense.}) 30... Bf3 $19 31. R4xf3 exf3 32. Qxd3+ Ke8 {[%csl Gf3,Gh3][%cal Rg8g2]} 33. Kf2 Qg3+ {Accuracy: White = 40%, Black = 52%.} 0-1

[Event "EICC 2019"]
[Site "Skopia"]
[Date "2019.03.18"]
[Round "1.48"]
[White "Kozul, Zdenko"]
[Black "Jackson, James P"]
[Result "1/2-1/2"]
[WhiteElo "2619"]
[BlackElo "2377"]
[Annotator "TA"]
[PlyCount "148"]
[EventDate "2019.03.18"]
[EventType "swiss"]
[EventCountry "MKD"]
[SourceTitle "playchess.com"]
[Source "ChessBase"]
[SourceQuality "1"]

{[%evp 21,148,5,14,-10,-9,-15,-25,-25,0,0,10,0,0,0,0,0,0,0,15,2,22,12,30,14,25,23,44,21,21,41,26,26,69,65,51,0,398,410,408,400,384,374,347,280,268,270,265,263,486,210,435,205,301,280,220,66,74,0,0,-65,-71,-230,-225,-203,-202,-210,24,-163,-165,-157,-171,-341,-308,-346,-300,-332,-296,-535,-523,-533,-533,-482,-476,-433,-390,-1074,-1056,-1019,-980,-1417,-270,-812,-295,-295,-295,-295,-288,-287,-287,-363,-363,-345,-341,-332,-305,-254,-203,-189,-8,-8,-8,-8,-8,-8,-8,-8,-8,-8,-8,-8,-8,-8,-8,-1110,0,0,0,-351,0]} 1. d4 Nf6 2. Nf3 g6 3. c4 Bg7 4. Nc3 O-O 5. e4 d6 6. Be2 e5 7. d5 a5 8. Bg5 h6 9. Bh4 Na6 10. Nd2 Bd7 11. a3 {E92: King's Indian: Classical: 6 Be2 e5: 7 dxe5, 7 Be3 and Petrosian System without 7...Nbd7} (11. O-O Qe8 12. b3 Nh7 13. f3 h5 14. a3 Bh6 15. Rb1 Nc5 16. Qc2 f5 17. b4 axb4 18. axb4 Na4 19. Nd1 g5 20. Bf2 g4 21. fxg4 Bxd2 22. Qxd2 f4 23. gxh5 Ng5 {1-0 (75) Giri,A (2784)-Ding,L (2732) Wijk aan Zee 2015}) 11... Qe8 {LiveBook: 271 Games} 12. Bxf6 $146 ({Predecessor:} 12. b3 Nh7 13. O-O f5 14. f3 g5 15. Bf2 f4 16. Rb1 h5 17. b4 axb4 18. axb4 b6 19. Bd3 g4 20. Qe2 Qg6 21. c5 Ng5 22. Kh1 Nb8 23. c6 Bc8 24. Bh4 {1-0 (24) Yilmaz,M (2594)-Ali Marandi,C (2473) Dubai 2016}) 12... Bxf6 13. Bg4 {The position is equal.} Bxg4 14. Qxg4 a4 15. h4 h5 16. Qe2 Nc5 17. O-O-O Kg7 18. Kb1 Rh8 19. Nf3 {[%cal Bd2f3,Bf3e1,Be1c2][%mdl 32]} Qd7 20. Ne1 Nb3 21. Nc2 c6 22. Qd3 Nd4 23. g3 c5 24. Nxd4 cxd4 25. Nb5 Rhc8 26. f4 Rc5 27. Rhf1 Rac8 28. f5 (28. Rc1 $1 $14) 28... gxf5 $2 {[%mdl 8192]} (28... Rxc4 $11 29. Na7 R8c7) 29. Rxf5 $18 Rxc4 30. Na7 $1 {[%cal Ra7c8]} R8c7 31. Rdf1 Bd8 {[#]} 32. Nc6 $1 {[%mdl 512]} R4xc6 (32... bxc6 33. Rxf7+) 33. dxc6 bxc6 34. Qd1 ({But not} 34. Rxh5 $6 Qg4 $16) 34... f6 $2 (34... Qe6 35. Qxa4 (35. Qxh5 c5 $16) 35... c5) 35. Rxh5 (35. Qxh5 $142 {aiming for Qg4+.} Qe6 36. Qg4+ Kf8 37. Rxf6+ $1 {[%mdl 512]} Qxf6 38. Rxf6+ Bxf6 39. Qe6) 35... c5 $2 (35... Qf7 {was necessary.} 36. Ka1 c5) 36. Rhf5 (36. g4 $142) 36... Qb5 (36... Qf7 $142 37. Qxa4 Qe6) 37. Qg4+ $1 Kf8 38. Qf3 $2 (38. R5f2 $18) 38... Rf7 $14 39. Ka1 (39. Qd1 $16) 39... c4 $11 40. Qe2 (40. Rb1 $11) 40... Qb3 $15 {[%mdl 1024] Black has compensation.} 41. R5f3 $2 (41. R5f2 $17 {keeps fighting.}) 41... d3 $19 42. Qd2 Ke7 $1 43. h5 Qb5 $2 ({Black should play} 43... Bb6 $19 44. Kb1 Bd4) 44. Qb4 $2 (44. h6 $11 {and White is okay.}) 44... Qxb4 45. axb4 {[%mdl 4096] Endgame KRR-KRB} d5 $1 {[%cal Rd5e4]} 46. exd5 $2 (46. Re1 {is a better defense.}) 46... Kd6 47. g4 e4 $1 {[%cal Re4f3]} 48. Rh3 {next g5! is good for White.} Rh7 $1 ({Inferior is} 48... Kxd5 49. g5 $1 $18 {[%mdl 512]}) 49. Rf5 $2 (49. h6 Kxd5 50. b5) 49... d2 50. Rf1 Bb6 51. Kb1 Bd4 $1 52. Kc2 e3 53. Kd1 $2 (53. Rf4 Re7 54. Rh1) 53... a3 54. bxa3 c3 55. Rh2 Re7 $2 (55... Ra7 56. Rhh1 Rxa3) 56. Re2 $2 (56. h6 c2+ 57. Kxc2) 56... c2+ $2 (56... Ra7 57. Kc2 Rxa3) 57. Kxc2 {And now Kd3 would win.} Rc7+ 58. Kb1 Kxd5 59. Rd1 Rc3 $1 60. Rdxd2 exd2 61. Rxd2 Rxa3 {KRB-KR} 62. Kc2 Rg3 63. Rh2 Rxg4 64. h6 f5 $2 (64... Rg8 $1 $19 {Black wants to play ...f5.} 65. h7 Rh8) 65. h7 $11 Bh8 66. Rd2+ $1 Ke5 {Hoping for ...Rc4+.} 67. Rd8 Bf6 {Strongly threatening ...Rh4.} 68. Re8+ Kd6 {...Rh4 is the strong threat.} 69. h8=Q Bxh8 70. Rxh8 Rxb4 71. Kd3 Re4 72. Rf8 $2 {[%mdl 8192] [#]} (72. Rg8 $11) 72... Re5 $2 (72... Ke5 $1 $19 {[%cal Re5f4] White must now prevent ...Kf4.} 73. Re8+ Kf6 74. Rxe4 fxe4+ 75. Kxe4) 73. Kd4 Re4+ $2 {[%mdl 8192]} (73... Ra5 $11) 74. Kd3 $19 {[#]} Re5 $2 {Accuracy: White = 35%, Black = 50%.} (74... Ke5 $1 $19 {[%cal Re5f4]} 75. Re8+ Kf6 76. Rxe4 fxe4+ 77. Kxe4) 1/2-1/2